Special education law.

Professor David F. Bateman explores the history of special education laws and how these laws impact on children with disabilities.

Bibliographic Details
Format: Video
Language:English
Language Notes:Closed-captions in English.
Published: London, United Kingdom : SAGE Publications Ltd., 2015.
Series:SAGE video tutorials.
Subjects:
Online Access:Connect to this streaming video

MARC

Tag First Indicator Second Indicator Subfields
LEADER 00000cgm a2200000Mi 4500
001 in00005509749
006 m o c
007 vz |za|||
007 cr |za||||||||
008 150707s2015 enk008 f o vueng d
005 20241105202556.1
035 |a (OCoLC)ocn958929581 
040 |a UAB  |b eng  |e rda  |e pn  |c UAB  |d OCLCO  |d OCLCF  |d OCLCQ  |d OCLCO  |d SGPBL  |d OCLCQ  |d U3W  |d NRC  |d OCLCA  |d IYU  |d OCLCA  |d OCLCQ  |d OCLCA  |d OCLCO  |d AZK  |d OCLCL 
019 |a 1315783560  |a 1319441325  |a 1354806364 
020 |a 9781473941090  |q (streaming video) 
020 |a 1473941091  |q (streaming video) 
035 |a (OCoLC)958929581  |z (OCoLC)1315783560  |z (OCoLC)1319441325  |z (OCoLC)1354806364 
041 0 |j eng 
043 |a n-us--- 
050 4 |a KF4210 
082 0 4 |a 344.730791  |2 23 
049 |a TXAM 
245 0 0 |a Special education law. 
264 1 |a London, United Kingdom :  |b SAGE Publications Ltd.,  |c 2015. 
300 |a 1 online resource (1 video file (8 min., 34 sec.)) :  |b sound, colour 
336 |a two-dimensional moving image  |b tdi  |2 rdacontent 
337 |a computer  |b c  |2 rdamedia 
338 |a online resource  |b cr  |2 rdacarrier 
344 |a digital  |2 rda 
347 |a data file  |2 rda 
490 1 |a SAGE video tutorials 
511 0 |a On-screen presenter, David F. Bateman. 
520 8 |a Professor David F. Bateman explores the history of special education laws and how these laws impact on children with disabilities. 
521 |a Specialized. 
546 |a Closed-captions in English. 
588 0 |a Online resource; title from home page (viewed on July 15, 2015). 
650 0 |a Special education  |x Law and legislation  |z United States. 
650 7 |a Special education  |x Law and legislation.  |2 fast  |0 (OCoLC)fst01128871 
651 7 |a United States.  |2 fast  |0 (OCoLC)fst01204155  |1 https://id.oclc.org/worldcat/entity/E39PBJtxgQXMWqmjMjjwXRHgrq 
655 2 |a Webcast 
655 7 |a Internet videos.  |2 fast  |0 (OCoLC)fst01750214 
655 7 |a Nonfiction television programs.  |2 fast  |0 (OCoLC)fst01710270 
655 7 |a Nonfiction television programs.  |2 lcgft 
655 7 |a Internet videos.  |2 lcgft 
655 7 |a Émissions télévisées autres que de fiction.  |2 rvmgf 
655 7 |a Vidéos sur Internet.  |2 rvmgf 
700 1 |a Bateman, David,  |d 1963-  |e on-screen presenter.  |1 https://id.oclc.org/worldcat/entity/E39PCjKdXtMQHkkwKvyJxhfVfm 
758 |i has work:  |a Special education law (MovingImage)  |1 https://id.oclc.org/worldcat/entity/E39PCH3R87YpVyDcHFmxxjYyYd  |4 https://id.oclc.org/worldcat/ontology/hasWork 
830 0 |a SAGE video tutorials. 
856 4 0 |u http://proxy.library.tamu.edu/login?url=https://sk.sagepub.com/video/special-education-law  |z Connect to this streaming video  |t 0 
955 |a SAGE Video Education 
994 |a 92  |b TXA 
999 f f |s 484f7ea9-6cc5-4e80-b4fa-ddc33d4ac13b  |i f7f60cc7-d1ce-4d25-b4f5-c59cf3199e98  |t 0 
952 f f |a Texas A&M University  |b College Station  |c Electronic Resources  |d Available Online  |t 0  |e KF4210   |h Library of Congress classification 
998 f f |a KF4210   |t 0  |l Available Online